LDR 00958naa#a2200169#i#450# 001 RU\\bibl\119761 005 20260418122018.6 011 ## _a2308-8877 100 ## _a20260406b2026####ek#y0rusy0150####ca 102 ## _aRU 200 1# _aВОЗДЕЙСТВИЕ ЛОКАЛИЗАЦИИ ПРОИЗВОДСТВА В УСЛОВИЯХ ВНЕШНИХ САНКЦИЙ НА ОПЕРАЦИОННЫЕ ПРОЦЕССЫ РОССИЙСКИХ ПРОМЫШЛЕННЫХ ПРЕДПРИЯТИЙ _eЖурнальная статья 210 1# _aВоронеж _cВоронежский государственный лесотехнический университет имени Г.Ф. Морозова _d2026 215 ## _a11 с. 608 ## _aЖурнальная статья _2local 675 ## _aЭкономика. Народное хозяйство. Экономические науки. 33 _z 700 #1 _aПлотников _gВладимир Александрович 856 4# _aanni.editorum.ru _u